000 00596nam a2200205 a 4500
001 000021082
005 20200930011230.0
008 100830s1972 sp 000 0 spa d
040 _aDO-SdBNP
_bspa
_cBNPHU
082 _a853.9
_bS164r
100 1 _aSalgarri, Emilio.
_944086
245 1 3 _aEl rey de los congrejos /
_cEmilio Salgari.
260 _aMadrid :
_bDoncel,
_c1972.
300 _a200 p. ;
_c18 cm.
490 1 _aLibro joven de bolsillo;
_v35
650 4 _aNovela italiana
_94322
650 4 _aLiteratura italiana
_93329
830 0 _aLibro joven de bolsillo
_v35
_912847
049 _aBNGR
999 _c20584
_d20584